Geography Quiz

Random Geography or State Quiz

Cities and States Quiz Stats

 Plays Quiz Updated Mar 21, 2018

Score 0/50 Timer 06:00
6 Plays Today
Cities State % Correct
Anchorage, Fairbanks, NomeAlaska
95%
St. Augustine, Gainesville, TampaFlorida
90.7%
Birmingham, Mobile, HuntsvilleAlabama
89.7%
Arlington, Lubbock, El PasoTexas
89.3%
Charleston, Greenville, Myrtle BeachSouth Carolina
89.3%
Boulder, Aurora, Fort CollinsColorado
86.7%
East Orange, Newark, PatersonNew Jersey
86%
Paradise, Reno, HendersonNevada
86%
Tulsa, Lawton, EnidOklahoma
85.7%
St. Joseph, Independence, Kansas CityMissouri
85.1%
Wichita, Lawrence, Dodge CityKansas
84.5%
Pendleton, Salem, EugeneOregon
82%
Erie, Allentown, ScrantonPennsylvania
81.2%
Rio Rancho, Las Cruces, CarlsbadNew Mexico
80%
Gary, Evansville, South BendIndiana
78%
Fargo, Grand Forks, MinotNorth Dakota
77.6%
Portland, Bangor, AuburnMaine
77.6%
Utica, Syracuse, RochesterNew York
77.3%
Davenport, Cedar Rapids, Sioux CityIowa
72.9%
Knoxville, Shelbyville, ClarksvilleTennessee
70.6%
Biloxi, Gulfport, MeridianMississippi
69.4%
Shreveport, Lafayette, MonroeLouisiana
68.4%
Flagstaff, Prescott, Casa GrandeArizona
67.8%
St. Cloud, Duluth, RochesterMinnesota
66%
Bethesda, Salisbury, FrederickMaryland
65.9%
Cities State % Correct
Bellingham, Yakima, VancouverWashington
65.5%
Kailua, Waipahu, Pearl CityHawaii
65.3%
Bridgeport, Bristol, DanburyConnecticut
64.9%
Sioux Falls, Rapid City, AberdeenSouth Dakota
64.7%
Billings, Missoula, HavreMontana
63%
Wilmington, Asheville, Kitty HawkNorth Carolina
62.5%
Youngstown, Canton, LorainOhio
59.3%
Brookline, Cambridge, WorcesterMassachusetts
58.7%
Huntington, Morgantown, WheelingWest Virginia
58.1%
Bennington, Burlington, MiddleburyVermont
58%
Modesto, Eureka, ReddingCalifornia
56.4%
Warren, Livonia, KalamazooMichigan
56%
Charlottesville, Lynchburg, DanvilleVirginia
54.5%
Appleton, Kenosha, OshkoshWisconsin
52.8%
Wilmington, Newark, SeafordDelaware
51.1%
Albany, Valdosta, MariettaGeorgia
50.5%
Bowling Green, Owensboro, PaducahKentucky
50.3%
Nashua, Keene, ManchesterNew Hampshire
47.1%
Pawtucket, Warwick, WoonsocketRhode Island
46.9%
Carbondale, Effingham, EvanstonIllinois
45.1%
Laramie, Rock Springs, SheridanWyoming
41.4%
Fayetteville, Pine Bluff, JonesboroArkansas
40.9%
Pocatello, Coeur d'Alene, MoscowIdaho
37.7%
West Jordan, Orem, OgdenUtah
35.6%
Scottsbluff, North Platte, Grand IslandNebraska
30.1%

You're not logged in!

Compare scores with friends on all Sporcle quizzes.
OR
Log In

Sporcle TV

Today on Sporcle TV


Watch our educational content, quiz creation guides, and fun videos on Sporcle TV.

Show Comments

Extras

Top Quizzes Today


Score Distribution

Your Account Isn't Verified!

In order to create a playlist on Sporcle, you need to verify the email address you used during registration. Go to your Sporcle Settings to finish the process.

Report this User

Report this user for behavior that violates our Community Guidelines.

Details: